| 000 | 01864cam a22003497a 4500 | ||
|---|---|---|---|
| 001 | 14622344 | ||
| 005 | 20070323095128.0 | ||
| 008 | 061103s2007 nyua b 001 0 eng d | ||
| 010 | _a2006299419 | ||
| 020 | _a0071448128 (pbk.) | ||
| 020 | _a9780071448123 (pbk.) | ||
| 035 | _a(OCoLC)ocm71329059 | ||
| 040 |
_aPZO _cPZO _dBAKER _dDLC |
||
| 042 | _alccopycat | ||
| 050 | 0 | 0 |
_aTP248.215 _b.W35 2007 |
| 082 | 0 | 0 |
_a660.6 _222 _bWAL |
| 100 | 1 |
_aWalker, Sharon, _cPh. D. _923976 |
|
| 245 | 1 | 0 |
_aBiotechnology Demystified / _cSharon Walker. |
| 260 |
_aNew York : _bMcGraw-Hill, 2007 _cc2007. |
||
| 300 |
_axii, 276 p. : _bill. ; _c24 cm. |
||
| 504 | _aIncludes bibliographical references and index. | ||
| 505 | 0 | _aBiomolecules and Energy -- Cell Structure and Cell Division -- Information Methods of a Cell -- Genetics -- Immunology -- Immunotherapy and Other Bioengineering Applications -- Recombinant Techniques and Deciphering DNA -- Proteomics -- Stem Cells -- Medical Applications -- Agricultural Applications -- Industrial and Environmental Applications -- The Future. | |
| 541 | _aDr. Shahrazad ; | ||
| 650 | 0 |
_aBiotechnology. _923977 |
|
| 653 |
_bNUR _cMay2011 |
||
| 856 | 4 | 2 |
_3Contributor biographical information _uhttp://www.loc.gov/catdir/enhancements/fy0703/2006299419-b.html |
| 856 | 4 | 1 |
_3Table of contents only _uhttp://www.loc.gov/catdir/enhancements/fy0703/2006299419-t.html |
| 856 | 4 | 2 |
_3Publisher description _uhttp://www.loc.gov/catdir/enhancements/fy0704/2006299419-d.html |
| 942 |
_2ddc _cNRB |
||
| 999 |
_c15345 _d15345 |
||